| 000 | 00706cab a2200241 4500 | ||
|---|---|---|---|
| 001 | ABS44135 | ||
| 008 | 090401t1991 xxu||||| |||| 00| 0 eng d | ||
| 035 | _a(Sirsi) u45495 | ||
| 041 | _aeng | ||
| 245 | _aIndonesia special section | ||
| 260 | _c1991 | ||
| 350 | _a0 | ||
| 490 |
_aAsian Property _vFebruary 1991, 63-69(5) |
||
| 520 | _aTraces the growth of economic prosperity in Indonesia and reports on the construction of the new World Trade Centre in Jakarta and various housing projects. | ||
| 650 | _aASIA | ||
| 650 | _aDEVELOPMENT | ||
| 650 | _aOFFICE | ||
| 650 | _aPACIFIC RIM | ||
| 650 | _aRESIDENTIAL | ||
| 690 | _aOVERSEAS-REST OF THE WORLD | ||
| 942 | _n0 | ||
| 948 | _c04/03/1997 | ||
| 999 |
_c28846 _d28846 |
||